The process of circulation of capital /
Guardado en:
| 主要作者: | |
|---|---|
| 格式: | 未知 |
| 語言: | English |
| 出版: |
New York:
International Publishers,
1967
|
| 主題: | |
| 標簽: |
添加標簽
沒有標簽, 成為第一個標記此記錄!
|
MARC
| LEADER | 000000000a22000000004500 | ||
|---|---|---|---|
| 001 | 000633 | ||
| 008 | 140822b1967 nyu fb|||| 001 0 eng d | ||
| 022 | |a 071780478X | ||
| 040 | |a CIICLA | ||
| 041 | 0 | |a inglés | |
| 082 | |a 330.1 |b M392e | ||
| 100 | 1 | |a Marx, Karl | |
| 245 | 1 | 4 | |a The process of circulation of capital / |c by Karl Marx : edited by Frederick Engels |
| 260 | |a New York: |b International Publishers, |c 1967 | ||
| 300 | |a volúmenes | ||
| 500 | |a Número de inscripción 11010 (volumen 2) | ||
| 650 | 1 | 7 | |a MARX, KARL, 1818-1883. El CAPITAL |
| 773 | 0 | |t Capital: a critique of political economy | |
| 773 | 0 | |g volumenes | |
| 773 | 0 | |g 1967- | |
| 942 | |2 ddc |c BK | ||
| 999 | |c 936 |d 936 | ||
